00348 2200145 4500001002100000005001500021035002000036245004800056100002300104300001100127260001800138082000800156084001400164990002400178INLIS00000000000226820250527025706 a0010-05250005601 aOlahraga Pencak Silat /cNur Dyah Naharsari0 aNur Dyah Naharsari a42 hlm bGaneca,c2008 a700 a700 NUR o a0713185 s/d 0713186